Kariérový rozvoj pracovníků

Profesná kariéra ako súčasť personálneho manažmentu. Teória profesnej kariéry. Osobnosť a kariéra. Procesné chápanie riadenia kariérového rozvoja (jednotlivé postupy). Úskalia implementácie systému kariérového rozvoja v podniku. Prínosy systémov kariérového rozvoja.

Gespeichert in:
Bibliographische Detailangaben
1. Verfasser: Kváčová, Lenka
Format: Buchkapitel
Sprache:Tschechisch
Schlagworte:
Tags: Tag hinzufügen
Keine Tags, Fügen Sie das erste Tag hinzu!

MARC

LEADER 00000naa$a2200000$$$4500
001 0016351
005 20230426100322.2
041 0 |a cze 
044 |a CZ 
245 1 0 |a Kariérový rozvoj pracovníků  |c aut. Lenka Kváčová 
520 |a Profesná kariéra ako súčasť personálneho manažmentu. Teória profesnej kariéry. Osobnosť a kariéra. Procesné chápanie riadenia kariérového rozvoja (jednotlivé postupy). Úskalia implementácie systému kariérového rozvoja v podniku. Prínosy systémov kariérového rozvoja. 
610 2 0 |a kariéra 
610 2 0 |a rozvoj pracovníkov 
610 2 0 |a manažment personálny 
610 2 0 |a osobnosť 
610 2 0 |a riadenie 
610 2 0 |a podnik 
100 1 |a Kváčová, Lenka